| 000 | 00862cam a22003131 4500 | ||
|---|---|---|---|
| 001 | 28955 | ||
| 003 | BD-RjUL | ||
| 005 | 20211209051343.0 | ||
| 008 | 140401r19671964mdua b 001 0 eng | ||
| 035 | _a(BD-RjUL)29039 | ||
| 035 | _a(OCoLC)4049556 | ||
| 040 |
_aDLC _cScU _dOCoLC _dDNLM _dDLC _dBD-RjUL _beng |
||
| 041 | _aeng | ||
| 060 | 0 |
_aBF 121 _bA221f 1964 |
|
| 082 |
_a150 _bADF 1967 |
||
| 100 | 1 |
_aAdcock, C. J. _988469 |
|
| 245 | 1 | 0 |
_aFundamentals of psychology / _c[by] C. J. Adcock. |
| 250 | _aRev. ed. | ||
| 260 |
_aBaltimore : _bPenguin Books, _c1964 [reprinted 1967] |
||
| 300 |
_a265 p. : _bill. ; _c19 cm. |
||
| 490 | 0 | _aPelican books | |
| 500 | _a"A664." | ||
| 504 | _aBibliography: p. 260-[262] | ||
| 504 | _aIncludes index. | ||
| 650 | 0 |
_aPsychology. _988470 |
|
| 942 |
_2ddc _cBK |
||
| 999 |
_c28955 _d28955 |
||